| 000 | 00702namaa2200181 i 4500 | ||
|---|---|---|---|
| 001 | 177624 | ||
| 003 | ES-MaACL | ||
| 005 | 20250726075519.0 | ||
| 008 | 110406s1870 fr | |||| ||fre d | ||
| 100 | 1 |
_aGuyard, Stanislas. _9146037 |
|
| 245 | 1 | 0 |
_aNouvel essai sur la formation du pluriel brisé en arabe / _cpar Stanislas Guyard. |
| 260 |
_aParis : _bA. Franck, _c1870. |
||
| 300 |
_a32 p. ; _c25 cm. |
||
| 490 | 1 |
_aBibliothéque de l'École des hautes études. Sciences philologiques et historiques ; _vfasc. 4 |
|
| 830 | 0 | 0 |
_aBibliothèque de l'École des Hautes Études. Sciences historiques et philologiques _vfasc. 4 _9229685 |
| 852 |
_aES-MaACL _jC-7548 |
||
| 999 |
_c177624 _d177624 |
||